000 00466nam a2200181Ia 4500
001 14812
005 20260306164941.0
008 260306t1999||||xx |||||||||||||| ||spa||
041 _aESP
082 _a519.4
_bCH515
100 _aChainskaia, Liudmila
_eAUT
245 0 _aElementos de análisis numéricos:
_balgoritmos y aplicaciones
260 _c1999
300 _axii, 355 páginas :
_c24 cm.
650 _aGEN
654 _aCMA
942 _cLIB
_dJUS
_fJUS
_2ddc
_n
999 _c14812
_d14812